| 000 | 01619cam0 2200373 ib4500 | ||
|---|---|---|---|
| 001 | BY-VI0000-br30560910 | ||
| 005 | 20260414164335.0 | ||
| 010 | ^bв переплете | ||
| 100 | ^a20181004d1985 c y0rusy50 ca | ||
| 101 | 0 | ^arus | |
| 102 | ^aRU | ||
| 105 | ^aa z 000ay | ||
| 109 | ^ama | ||
| 181 | ^ai3 | ||
| 182 | ^an | ||
| 200 | 1 |
^aНа великом морском пути ^e[для младшего школьного возраста] ^fВиталий Бианки ^gрисунки Н. Чарушина ^g[вступление Н. Сладкова] |
|
| 210 |
^aМосква ^cМалыш ^d1985 |
||
| 215 |
^a75, [4] с. ^cцв. ил. ^d28 см |
||
| 345 | ^9100 000 экз. | ||
| 606 |
^aХУДОЖЕСТВЕННАЯ ЛИТЕРАТУРА ^2DVNLB ^3BY-NLB-ar37179 |
||
| 608 |
^aДЕТСКАЯ ЛИТЕРАТУРА (лит. произведение) ^2BYGNR ^3BY-NLB-ar9019 |
||
| 608 |
^aПОВЕСТЬ ^2BYGNR ^3BY-NLB-ar23936 |
||
| 686 |
^a84 (2=411.2)6 ^2rubbk |
||
| 690 |
^a1 ^2Base ^9BY-MI0021 ^xRSEK |
||
| 700 | 1 |
^aБианки ^bВ. В. ^gВиталий Валентинович ^cписатель ^f1894—1959 ^3BY-NLB-ar96230 |
|
| 702 | 1 |
^aЧарушин ^bН. Е. ^gНикита Евгеньевич ^3BY-SEK-ar4682834 ^4440 |
|
| 702 | 1 |
^aСладков ^bН. И. ^gНиколай Иванович ^cписатель ^f1920—1996 ^3BY-NLB-ar2488052 ^4080 |
|
| 801 | 0 |
^aBY ^bBY-VI0000 ^c20181004 ^gRCR |
|
| 801 | 2 |
^aBY ^bBY-MI0021 ^c20260407 ^gRCR |
|
| 035 | ^a(BY-MI0021)BY-VI0000-br30560910 | ||
| 899 | 0 |
^aBY-MI0021 ^iБ59 ^h84(2=411.2)6 |
|